Anarchie, stát a utopie

Saved in:
Bibliographic Details
Main Author: Nozick, Robert
Other Authors: Gabajová, Zuzana
Format: Book
Language:Czech
Published: Praha Academia 2015
Series:XXI. století sv. 37
Subjects:
Tags: Add Tag
No Tags, Be the first to tag this record!

MARC

LEADER 00000nam a2200000 4500
001 0223282
005 20231215114615.4
020 |a 978-80-200-2509-8 
041 0 |a cze 
044 |a CZ 
245 1 0 |a Anarchie, stát a utopie  |c Robert Nozick ; přeložila: Zuzana Gabajová 
264 1 |a Praha  |b Academia  |c 2015 
300 |a 379 s. 
490 1 |a XXI. století  |v sv. 37 
830 0 |a XXI. století  |v sv. 37 
610 2 0 |a štát 
610 2 0 |a politika 
610 2 0 |a moc štátna 
610 2 0 |a občania 
610 2 0 |a právo 
610 2 0 |a spravodlivosť 
610 2 0 |a anarchizmus 
610 2 0 |a filozofia 
100 1 |a Nozick, Robert 
700 1 |a Gabajová, Zuzana